U.S. Army Ranks - Statistics

General Stats
  • This quiz has been taken 102,798 times
    102,780 since last reset
  • The average score is 11 of 22
Answer Stats
Pay Grade Rank % Correct
E-1/E-2 Private
87%
E-5 Sergeant
86%
O-10 General
85%
O-3 Captain
73%
E-4 Corporal
72%
O-4 Major
70%
O-6 Colonel
69%
E-3 Private First Class
56%
E-6 Staff Sergeant
44%
O-8 Major General
43%
E-9 Sergeant Major
43%
O-7 Brigadier General
40%
O-2 First Lieutenant
40%
O-5 Lieutenant Colonel
40%
O-1 Second Lieutenant
39%
O-9 Lieutenant General
36%
E-8 Master Sergeant
35%
E-4 Specialist
33%
E-7 Sergeant First Class
31%
E-8 First Sergeant
28%
E-9 Command Sergeant Major
19%
E-9 Sergeant Major of the Army
19%
No matching quizzes found
Score Distribution
Percent of People with Each Score
Percentile by Number Answered
Your Score History
You have not taken this quiz since the last reset